Electronic filter design handbook / (Record no. 175806)

000 -LEADER
fixed length control field 01037 a2200265 4500
003 - CONTROL NUMBER IDENTIFIER
control field Nust
005 - DATE AND TIME OF LATEST TRANSACTION
control field 20170207152511.0
010 ## - LIBRARY OF CONGRESS CONTROL NUMBER
LC control number 2006281128
020 ## - INTERNATIONAL STANDARD BOOK NUMBER
International Standard Book Number 0070704341
035 ## - SYSTEM CONTROL NUMBER
System control number (OCoLC)ocm70059511
040 ## - CATALOGING SOURCE
Transcribing agency Nust
082 04 - DEWEY DECIMAL CLASSIFICATION NUMBER
Classification number 621.3815324
100 1# - MAIN ENTRY--PERSONAL NAME
Personal name Williams, Arthur Bernard,
245 10 - TITLE STATEMENT
Title Electronic filter design handbook /
Statement of responsibility, etc. Arthur Williams, Fred Taylor.
250 ## - EDITION STATEMENT
Edition statement 4th ed.
260 ## - PUBLICATION, DISTRIBUTION, ETC.
Place of publication, distribution, etc. New York ;
-- London :
Name of publisher, distributor, etc. McGraw-Hill,
Date of publication, distribution, etc. 2006.
300 ## - PHYSICAL DESCRIPTION
Extent xv, 775 p. :
Other physical details ill. ;
Dimensions 24 cm. +
Accompanying material 1 CD-ROM (4 3/4 in.)
500 ## - GENERAL NOTE
General note One CD-ROM in pocket attached to inside back cover.
500 ## - GENERAL NOTE
General note Previous ed.: 1995.
650 #0 - SUBJECT ADDED ENTRY--TOPICAL TERM
Topical term or geographic name entry element Electric filters
General subdivision Design and construction.
700 1# - ADDED ENTRY--PERSONAL NAME
Personal name Taylor, Fred J.,
Dates associated with a name 1940-
856 42 - ELECTRONIC LOCATION AND ACCESS
Materials specified Contributor biographical information
Uniform Resource Identifier <a href="http://www.loc.gov/catdir/enhancements/fy0703/2006281128-b.html">http://www.loc.gov/catdir/enhancements/fy0703/2006281128-b.html</a>
856 42 - ELECTRONIC LOCATION AND ACCESS
Materials specified Publisher description
Uniform Resource Identifier <a href="http://www.loc.gov/catdir/enhancements/fy0703/2006281128-d.html">http://www.loc.gov/catdir/enhancements/fy0703/2006281128-d.html</a>
856 42 - ELECTRONIC LOCATION AND ACCESS
Materials specified Table of contents only
Uniform Resource Identifier <a href="http://www.loc.gov/catdir/enhancements/fy0703/2006281128-t.html">http://www.loc.gov/catdir/enhancements/fy0703/2006281128-t.html</a>
942 ## - ADDED ENTRY ELEMENTS (KOHA)
Koha item type Reference
Holdings
Withdrawn status Lost status Source of classification or shelving scheme Damaged status Not for loan Collection code Permanent Location Current Location Date acquired Total Checkouts Full call number Barcode Date last seen Price effective from Koha item type
            Military College of Signals (MCS) Military College of Signals (MCS) 12/12/2016   621.3815324 WIL MCS27482 12/08/2016 12/12/2016 Book
© 2023 Central Library, National University of Sciences and Technology. All Rights Reserved.